बच्चन रचनावली / (Record no. 122123)

MARC details
000 -LEADER
fixed length control field 01154nam a2200265 4500
010 ## - LIBRARY OF CONGRESS CONTROL NUMBER
LC control number A-169764
020 ## - INTERNATIONAL STANDARD BOOK NUMBER
Terms of availability 100.00
035 ## - SYSTEM CONTROL NUMBER
System control number A-169764
037 ## - SOURCE OF ACQUISITION
Source of stock number/acquisition Cen Lib / Ret
040 ## - CATALOGING SOURCE
Original cataloging agency DPL
Language of cataloging HN
082 ## - DEWEY DECIMAL CLASSIFICATION NUMBER
Classification number 821
Item number हरिवं
100 ## - MAIN ENTRY--PERSONAL NAME
Personal name हरिवंस राय बच्चन
245 ## - TITLE STATEMENT
Title बच्चन रचनावली /
Statement of responsibility, etc हरिवंस राय बच्चन ; सम्पादक अजित कुमार
246 ## - VARYING FORM OF TITLE
Title proper/short title Bachchan Rachnawali /
Remainder of title by Harivansh Ray Bachchn ; edied by Ajit Kumar
260 ## - PUBLICATION, DISTRIBUTION, ETC. (IMPRINT)
Place of publication, distribution, etc नई दिल्ली
Name of publisher, distributor, etc राजकमल प्रकाशन
270 ## - ADDRESS
Address 8, नेताजी सूभाष मार्ग
City नई दिल्ली
Postal code 110002
300 ## - PHYSICAL DESCRIPTION
Extent 9 v ; v 3. 554 v 2. 565 ; v 4. 453 ; v 5. 501 ; v 6. 491 ; v 7. 491 ;v 8. 581 v 9. 461
Other physical details 24cm(Hb)
505 ## - FORMATTED CONTENTS NOTE
Formatted contents note 9 v ; (v.1 not available)
650 ## - SUBJECT ADDED ENTRY--TOPICAL TERM
Topical term or geographic name as entry element Hindi sahitya
650 ## - SUBJECT ADDED ENTRY--TOPICAL TERM
Topical term or geographic name as entry element Hindi kavitae
650 ## - SUBJECT ADDED ENTRY--TOPICAL TERM
Topical term or geographic name as entry element हिन्दी साहित्य
650 ## - SUBJECT ADDED ENTRY--TOPICAL TERM
Topical term or geographic name as entry element हिंदी कविता
700 ## - ADDED ENTRY--PERSONAL NAME
Personal name अजित कुमार
942 ## - ADDED ENTRY ELEMENTS (KOHA)
Source of classification or shelving scheme Dewey Decimal Classification
Koha item type Hindi Books
Classification part 821
Call number suffix हरिवं
Holdings
Withdrawn status Lost status Materials specified (bound volume or other part) Damaged status Not for loan Collection code Home library Current library Date acquired Source of acquisition Cost, normal purchase price Total Checkouts Full call number Barcode Date last seen Cost, replacement price Price effective from Koha item type Copy number
    v 9   Not For Loan Reference Central Library Central Library 02/03/2016 Cen Lib/Ret 900.00   821 हरिवं A-169766 02/03/2016 900.00 02/03/2016 Hindi Books  
    v 2   Not For Loan Reference Central Library Central Library 02/03/2016 Cen Lib/Ret 900.00   821 हरिवं A-169759 02/03/2016 900.00 02/03/2016 Hindi Books  
    v 5   Not For Loan Reference Central Library Central Library 02/03/2016 Cen Lib/Ret 900.00   821 हरिवं A-169762 02/03/2016 900.00 02/03/2016 Hindi Books  
    v 4   Not For Loan Reference Central Library Central Library 02/03/2016 Cen Lib/Ret 900.00   821 हरिवं A-169761 02/03/2016 900.00 02/03/2016 Hindi Books  
    v 7   Not For Loan Reference Central Library Central Library 02/03/2016 Cen Lib/Ret 900.00   821 हरिवं A-169764 02/03/2016 900.00 02/03/2016 Hindi Books  
    v.8   Not For Loan Reference Central Library Central Library 04/03/2016 Cen Lib/Ret 900.00   821 हरिवं A-169768 04/03/2016 100.00 04/03/2016 Hindi Books 8
    v.6   Not For Loan Reference Central Library Central Library 04/03/2016 Cen Lib/Ret 900.00   821 हरिवं A-169763 04/03/2016 900.00 04/03/2016 Hindi Books 6
    v 3   Not For Loan Reference Central Library Central Library 05/03/2016 Cen Lib/Ret 900.00   821 हरिवं A-169760 05/03/2016 900.00 05/03/2016 Hindi Books  
    v 8   Not For Loan Reference Central Library Central Library 19/03/2016 Cen Lib/Ret 900.00   821 हरिवं A-169765 19/03/2016 900.00 19/03/2016 Hindi Books 2

© Delhi Public Library
Hit Counter
free hit counter